The world's largest libraries Quiz Stats

 Plays Quiz not verified by Sporcle

Score 0/11 Timer 05:00
0 Plays Today
Location Library % Correct
WashingtonLibrary of Congress
88.7%
New YorkNew York Public Library
57.7%
LondonBritish Library
51.4%
CambridgeHarvard University Library
40.1%
New HavenYale University Library
34.5%
OttawaNational Library of Canada
23.9%
BeijingNational Library of China
23.2%
FrankfurtGerman National Library
12.7%
KievVernadsky National Scientific Library of Ukraine
3.5%
St PetersburgLibrary of the Russian Academy of Sciences
2.8%
MoscowInstitute for Scientific Information Russian Academy of Sciences
0.7%

You're not logged in!

Compare scores with friends on all Sporcle quizzes.
OR
Log In

Show Comments

Extras

Created Nov 15, 2010SourceReportNominate
Tags:library

Top Quizzes Today


Score Distribution

Your Account Isn't Verified!

In order to create a playlist on Sporcle, you need to verify the email address you used during registration. Go to your Sporcle Settings to finish the process.

Report this User

Report this user for behavior that violates our Community Guidelines.

Details: